• 首页
  • 本馆介绍
  • 公告通知
  • 最新文献
  • 馆藏检索
  • 电子资源
  • 读者导购
  • 参考咨询
  • 我的图书馆
  • 登录
  • 详细信息显示
  • 放入我的书架
  • 预约/预借图书
  • 作者相关作品
  • 分类相关作品
  • 丛书相关作品
  • 出版社相关作品

书目信息

  • 表格格式
  • 工作单格式
  • 卡片格式
题名:
细胞生物学超微结构图谱
    
 
作者: 汪德耀
分册:  
出版信息: 北京   高等教育出版社  1989
页数: 195
开本: 26cm
丛书名:
单 册:
中图分类: Q248
科图分类:
主题词: 细胞学:形态学
电子资源:
ISBN: 7-04-001135-2
000 00531nam0 2200181 450
001 0741144344
005 20070817112544.34
010    @a7-04-001135-2@b精装@d¥12.75
100    @a20070817d km y0chiy0120 ea
101 0  @achi
200 1  @a细胞生物学超微结构图谱@Axi bao sheng wu xue chao wei jie gou tu pu@f汪德耀@Fwang de yao
210    @a北京@c高等教育出版社@d1989
215    @a195@d26cm
606 0  @a细胞学:形态学
690    @aQ248@v3
701  0 @a汪德耀@Awang de yao
801  0 @aCN@bPFT@c20070817
905    @a213230@dQ248@en1@f1
    
    细胞生物学超微结构图谱/汪德耀.-北京:高等教育出版社,1989
    195;26cm
    
    
    ISBN 7-04-001135-2(精装):¥12.75
    
●
相关链接 在E读中查询图书 在五车中查询图书 在当当中查询图书 在豆瓣中查询图书


正题名:细胞生物学超微结构图谱     索取号:Q248/n1         预约/预借

序号 登录号 条形码 馆藏地/架位号 状态 备注
1 6600108   266001088   密集书库-生命科学系/ [索取号:Q248/n1] 在馆    
唐山师范学院图书馆 欢迎您!
大连网信软件有限公司© 版权所有